| 000 | 00525nam a22001937a 4500 | ||
|---|---|---|---|
| 003 | OSt | ||
| 005 | 20140310182024.0 | ||
| 008 | 130802t xxu||||| |||| 00| 0 eng d | ||
| 020 | _a1568223137 | ||
| 050 |
_aD 900 _b.K54 1996 |
||
| 082 |
_aTR 940 _bEu7 1996 |
||
| 100 |
_aKinghorn, Harriet _97250 |
||
| 245 |
_aEurope / _cHarriet Kinghorn. |
||
| 260 |
_aInstructional fair: _bInc, _cc1996. |
||
| 300 |
_a128p. ; _bill. map. ; _c27 cm. |
||
| 650 |
_aEurope _xActivity book _97255 |
||
| 942 |
_2lcc _cBK-TR |
||
| 999 |
_c8428 _d8428 |
||